000 00702nam a22002057a 4500
005 20251108165000.0
008 250721s1994 xx 000 0 ara d
082 1 4 _a657.48/محم
100 1 _aمطر، محمد
245 1 0 _aالمحاسبة المتوسطة :
_bدراسة نظرية و تطبيقات عملية /
264 1 _aالكويت :
_bمكتبة الفلاح للنشر و التوزيع،
_c1994.
300 _a348ص
490 0 _aسلسلة كتب المحاسبة ؛ 3
650 1 7 _aالمحاسبة
650 1 7 _aالمحاسبة المالية
700 1 _aزواتي، عبد الكريم
700 1 _aسليم، محمد مجيد
942 _2ddc
_cBK
999 _c19040
_d19040